[Event "Manaus Amazonense Cup"]
[Site "Manaus"]
[Date "2022.07.06"]
[Round "1"]
[White "Farias, Igor Borge Cardoso"]
[Black "Silva E Costa, Alan Roberto da"]
[Result "1-0"]
[WhiteElo "1896"]
[BlackElo "1915"]
[PlyCount "81"]
[EventDate "2022.07.06"]
[EventType "tourn"]
[EventRounds "11"]
[EventCountry "BRA"]
[SourceTitle "EXT 2023"]
[Source "ChessBase"]
[SourceDate "2022.10.05"]
[SourceVersion "1"]
[SourceVersionDate "2022.10.05"]
[SourceQuality "1"]

1. c4 Nf6 2. g3 g6 3. Bg2 Bg7 4. Nc3 0-0 5. e4 d6 6. Nge2 e5 7. 0-0 c6 8. d3 Na6 9. h3 Be6 10. f4 exf4 11. gxf4 Qb6+ 12. Kh2 Nh5 13. Bf3 Bxc3 14. bxc3 Ng7 15. Nd4 c5 16. Nxe6 fxe6 17. Be3 Qb2+ 18. Qd2 Qxd2+ 19. Bxd2 Rab8 20. Rab1 Nc7 21. a4 b6 22. Rb2 Rf7 23. a5 b5 24. cxb5 Rxb5 25. Rxb5 Nxb5 26. Rb1 a6 27. Kg3 h5 28. c4 Nd4 29. Rb6 h4+ 30. Kf2 g5 31. Rxa6 Nb3 32. Ra8+ Kh7 33. Bc3 Nd4 34. Bxd4 cxd4 35. a6 Rxf4 36. a7 Rf7 37. Rh8+ Kxh8 38. a8Q+ Kh7 39. Kg2 e5 40. Bg4 Rf4 41. Qd8 1-0

[Event "Belem Para op"]
[Site "Belem"]
[Date "2010.11.13"]
[Round "2"]
[White "Albuquerque, Antonio Lazaro"]
[Black "Silva E Costa, Alan Roberto da"]
[Result "0-1"]
[WhiteElo "1802"]
[BlackElo "1962"]
[PlyCount "78"]
[EventDate "2010.11.12"]
[EventType "swiss"]
[EventRounds "7"]
[EventCountry "BRA"]
[SourceTitle "EXT 2022"]
[Source "ChessBase"]
[SourceDate "2021.10.06"]
[SourceVersion "1"]
[SourceVersionDate "2021.10.06"]
[SourceQuality "1"]

1. d4 Nf6 2. Nf3 g6 3. Bf4 Bg7 4. e3 0-0 5. h3 d6 6. Be2 Nbd7 7. Nbd2 c5 8. c3 a6 9. a4 b6 10. 0-0 Bb7 11. Qc2 Rc8 12. Bd3 Nd5 13. Bg5 cxd4 14. exd4 N7f6 15. Qb3 Nc7 16. Bxf6 Bxf6 17. Qxb6 Rb8 18. Qa5 Ne6 19. Qxd8 Rfxd8 20. Rfe1 Nf4 21. Be4 d5 22. Bc2 a5 23. Nb3 Ba6 24. Kh2 Bd3 25. Bd1 Bc4 26. Nxa5 Rxb2 27. Nxc4 dxc4 28. Kg3 Nd5 29. Rc1 e6 30. Re2 Rb6 31. Nd2 Bg5 32. Rc2 Rc8 33. Ne4 Be7 34. Ra2 f5 35. a5 Ra6 36. Rec2 fxe4 37. Be2 Bd8 38. Ra4 Bxa5 39. Bxc4 Bc7+ 0-1

[Event "BRA Region North-ch"]
[Site "Manaus"]
[Date "2010.10.??"]
[Round "7"]
[White "De Oliveira, Leonardo Souza A"]
[Black "Silva E Costa, Alan Roberto da"]
[Result "1/2-1/2"]
[WhiteElo "1972"]
[BlackElo "1930"]
[PlyCount "100"]
[EventDate "2010.10.09"]
[EventType "swiss"]
[EventRounds "7"]
[EventCountry "BRA"]
[SourceTitle "EXT 2022"]
[Source "ChessBase"]
[SourceDate "2021.10.06"]
[SourceVersion "1"]
[SourceVersionDate "2021.10.06"]
[SourceQuality "1"]

1. d4 Nf6 2. Nf3 g6 3. c4 Bg7 4. Nc3 0-0 5. g3 d6 6. Bg2 Re8 7. 0-0 Nbd7 8. e4 e5 9. dxe5 Nxe5 10. Nxe5 dxe5 11. Bg5 Qxd1 12. Raxd1 c6 13. Rd6 Be6 14. Rfd1 h6 15. Bxf6 Bxf6 16. b3 Rad8 17. h4 Be7 18. Rxd8 Rxd8 19. Rxd8+ Bxd8 20. Kh2 Bb6 21. f3 f5 22. Bh3 Kf7 23. h5 Bd4 24. hxg6+ Kxg6 25. exf5+ Bxf5 26. Bxf5+ Kxf5 27. Ne4 Kg6 28. Kh3 b5 29. cxb5 cxb5 30. Kg4 h5+ 31. Kh4 Be3 32. b4 Bc1 33. Nc3 Bg5+ 34. Kh3 a6 35. Ne4 Be7 36. Nc5 a5 37. Nd3 Bxb4 38. Nxe5+ Kf5 39. Nc6 Bc3 40. Kh4 a4 41. Kxh5 b4 42. Na5 Bd2 43. g4+ Kf6 44. Nc4 Bf4 45. Nb6 b3 46. axb3 axb3 47. Na4 Bc1 48. Nc5 b2 49. Ne4+ Ke5 50. Nc3 Kf6 1/2-1/2

[Event "BRA Region North-ch"]
[Site "Manaus"]
[Date "2010.10.??"]
[Round "4"]
[White "Silva E Costa, Alan Roberto da"]
[Black "De Oliveira Freitas, Reinier Alex"]
[Result "1-0"]
[WhiteElo "1930"]
[BlackElo "1817"]
[PlyCount "65"]
[EventDate "2010.10.09"]
[EventType "swiss"]
[EventRounds "7"]
[EventCountry "BRA"]
[SourceTitle "EXT 2022"]
[Source "ChessBase"]
[SourceDate "2021.10.06"]
[SourceVersion "1"]
[SourceVersionDate "2021.10.06"]
[SourceQuality "1"]

1. e4 c6 2. d4 d5 3. Nc3 dxe4 4. Nxe4 Nf6 5. Ng3 g6 6. c3 Nbd7 7. Nf3 Qc7 8. Bc4 Nb6 9. Bb3 Bg4 10. Qd3 Bxf3 11. Qxf3 Bg7 12. 0-0 0-0 13. Re1 e6 14. Bf4 Qd7 15. Be5 Nfd5 16. Bxg7 Kxg7 17. Ne4 Qe7 18. Re2 Nd7 19. Rae1 Rae8 20. Qg3 f5 21. Nd6 f4 22. Nxe8+ Qxe8 23. Qh3 e5 24. dxe5 f3 25. Re4 fxg2 26. Qxg2 Nf4 27. Qg3 Nh5 28. Qe3 b6 29. Bd1 Nc5 30. Rh4 Qd8 31. Rd4 Qe7 32. Bxh5 gxh5 33. e6 1-0

[Event "BRA Region North-ch"]
[Site "Manaus"]
[Date "2010.10.??"]
[Round "3"]
[White "Silva E Costa, Alan Roberto da"]
[Black "Monteiro, Yan Passos"]
[Result "1-0"]
[WhiteElo "1930"]
[BlackElo "1787"]
[PlyCount "55"]
[EventDate "2010.10.09"]
[EventType "swiss"]
[EventRounds "7"]
[EventCountry "BRA"]
[SourceTitle "EXT 2022"]
[Source "ChessBase"]
[SourceDate "2021.10.06"]
[SourceVersion "1"]
[SourceVersionDate "2021.10.06"]
[SourceQuality "1"]

1. e4 e5 2. Nf3 Nc6 3. d4 Bd6 4. Bc4 Nf6 5. 0-0 Nxe4 6. Re1 Nf6 7. dxe5 0-0 8. exd6 cxd6 9. Qxd6 Ne8 10. Qg3 Nb4 11. Bb3 d6 12. a3 Nc6 13. Bg5 Qd7 14. Nc3 Qg4 15. Qxg4 Bxg4 16. Nd2 h6 17. Bh4 g5 18. Bg3 Nd4 19. f3 Bf5 20. Nce4 d5 21. Nd6 Nf6 22. Nxf5 Nxf5 23. Be5 Rfe8 24. Bxf6 Rxe1+ 25. Rxe1 Kf8 26. Bxd5 Re8 27. Rxe8+ Kxe8 28. Bxb7 1-0